000 00702nam a2200289Ia 4500
005 20260324123515.0
008 008 260324s9999 xx 000 0 eng d
020 _a9780203806654
037 _aEBOOK
040 _aCRL
040 _beng
040 _cCRL
041 _2eng
041 _aeng
084 _qCRL
100 _aSonja Snacken; Els Dumortier
_91170574
245 0 _aResisting Punitiveness in Europe?
245 0 _bWelfare, Human Rights and Democracy
260 _bTaylor and Francis
260 _c2012
365 _a
365 _b230
856 _uhttp://www.taylorfrancis.com/books/9780203806654
942 _cEBOOK
999 _c1764151
_d1764151